Ultimate East Asia Cities by Picture - Statistics

General Stats
  • This quiz has been taken 31 times
    8 since last reset
  • The average score is 31 of 56
Answer Stats
Picture Answer % Correct
Beijing
100%
Hong Kong
100%
Osaka
100%
Seoul
100%
Shanghai
100%
Taipei
100%
Tokyo
100%
Yokohama
100%
Harbin
83%
Kaohsiung
83%
Nagoya
83%
Pyongyang
83%
Sapporo
83%
Chengdu
67%
Guangzhou
67%
Guilin
67%
Himeji
67%
Hiroshima
67%
Kagoshima
67%
Kobe
67%
Kyoto
67%
Lhasa
67%
Macau
67%
Shenzhen
67%
Urumqi
67%
Wuhan
67%
Xi'An
67%
Busan
50%
Chongqing
50%
Daegu
50%
Hangzhou
50%
Suzhou
50%
Tianjin
50%
Xiamen
50%
Daejeon
33%
Fukuoka
33%
Incheon
33%
Nagasaki
33%
Naha
33%
Nanjing
33%
Nanning
33%
Qingdao
33%
Sendai
33%
Shizuoka
33%
Taichung
33%
Tainan
33%
Chiba
17%
Gwangju
17%
Gyeongju
17%
Jeonju
17%
Kawasaki
17%
Keelung
17%
Nanchang
17%
Suwon
17%
Ulaanbaatar
17%
Ulsan
17%
No matching quizzes found
Score Distribution
Percent of People with Each Score
Percentile by Number Answered
Your Score History
You have not taken this quiz since the last reset